000 00593nam a2200217 a 4500
008
020 _a1904364187 (pbk.)
049 _aMAIN
090 _aRA784
_bCAR
100 1 _aCarter, Isabel.
245 1 0 _aHealthy eating :
_ba pillars guide/
_cby Isabel Carter.
260 _aTeddington (U.K) :
_bTearfund,
_c2003.
300 _a52 p. :
_bcol ill. ;
_c30 cm.
650 _aDiet.
650 _aPersonal health.
907 _a.b10367962
_b27-01-16
_c27-01-16
003
005 20230120204210.0
040 _cNUST
942 _cBOOKS
_kRA784
_mCAR
999 _c118919
_d118919